Music trivia: 1996 songs and artists - Statistics

General Stats
  • This quiz has been taken 111 times
  • The average score is 6 of 15
Answer Stats
1996 song by... ...this group or artist % Correct
Un-Break My Heart Toni Braxton
75%
Don't Look Back in Anger Oasis
73%
If It Makes You Happy Sheryl Crow
65%
Breakfast at Tiffany's Deep Blue Something
60%
Fantasy Mariah Carey
55%
Exhale (Shoop Shoop) Whitney Houston
43%
Change the World Eric Clapton
42%
I Only Wanna Be With You Hootie and the Blowfish
40%
One of Us Joan Osborne
38%
Give Me One Reason Tracy Chapman
34%
Follow You Down Gin Blossoms
31%
I Love You Always Forever Donna Lewis
26%
That Thing You Do The Wonders
22%
E-Bow the Letter R.E.M.
18%
Real Love The Beatles
10%
No matching quizzes found
Score Distribution
Percent of People with Each Score
Percentile by Number Answered
Your Score History
You have not taken this quiz